00463nam a2200145Ia 4500100001900000942000700019366000700026245003600033260003400069082002200103300000800125546001200133999001700145952015500162 aSolecki/Roman  cBK f20 aAdvanced mechanics of materials bOxford university pressc2003 a620.1123/SOLbSOL a763 aENGLISH c26752d26752 001040708CRCaCRCEbCRCEd2023-03-17eDharma Enterprisesg368.00i298 dt 28/04/2009l0o620.1123/SOL SOLp19609r2023-03-17v460.00w0000-00-00yBK